| 000 | 00876nam a2200325Ia 4500 | ||
|---|---|---|---|
| 008 | 170711s9999 xx 000 0 und d | ||
| 020 | _a385242255 | ||
| 050 | _a333.95 | ||
| 050 | _bM478 1988 | ||
| 100 | _aMcNeely, Jeffrey | ||
| 245 | _aSoul of the tiger : | ||
| 245 | _bsearching for nature's answers in exotic Southeast Asia / | ||
| 245 | _cJeffrey McNeely. | ||
| 260 | _aUSA : | ||
| 260 | _bDoubleday, | ||
| 260 | _c1988 | ||
| 300 | _axviii, 390 pages : | ||
| 300 | _billustrations ; | ||
| 300 | _c24cm. | ||
| 650 | _aAnimals and civilization -- | ||
| 650 | _aMan -- | ||
| 650 | _aNatural resources -- | ||
| 650 | _aSoutheast Asia -- | ||
| 650 | _xEconomics of land and energy. | ||
| 650 | _xInfluence on nature. | ||
| 650 | _xSocial life and customs. | ||
| 650 | _xSoutheast Asia. | ||
| 700 | _aTitle. | ||
| 700 | _aWachtel, Paul Spencer. | ||
| 999 |
_c339899 _d339899 |
||